LEADER 01381nam a2200325 a 4500 001 000000149285 003 CaOOAMICUS 005 20160420114541.0 008 160210s2006 it ao u000 u ita r 020 $a88-10-43008-5* 032 $aLibriCat 040 $aPUL$bita 082 14$a726 100 1 $aMilitello, Cettina.$0(OLS)http://pul/name/24021 245 03$aLa casa del popolo di Dio : $bmodelli ecclesiologici, modelli architettonici /$cCettina Militello. 260 $aBologna :$bEDB,$c©2006. 300 $a275 p. ;$bill., foto;$c24 cm 490 1 $aManuali (Edizioni Dehoniane) 504 $aBibliografia in nota a pič pagina. 650 4$aChiese$zRoma.$0(OLS)http://pul/subject/614 650 4$aArcheologia cristiana$xStudi.$0(OLS)http://pul/subject/39129 830 0$aManuali (Edizioni Dehoniane).$0(OLS)http://pul/title/107780 850 $aPUL 852 $aPUL$W1$xSL Cons. Gen., Altre Classi 3$y75$m726 MILCE 1$j171938$qDDC 21$B173529$CPULBib$Z2$F173529 $H126988 $81 941 1 $a9 996 $6020$a88-10-43008-5*$9(OLS)http://pul/number/159618 996 $6082$a726$9(OLS)http://pul/classification/2345 996 $6245$aLa casa del popolo di Dio : $bmodelli ecclesiologici, modelli architettonici$9(OLS)http://pul/title/188217 996 $6260$aBologna :$bEDB$9(OLS)http://pul/publisher/56073 LEADER 01801nam a2200385 u 4500 001 000000034542 003 CaOOAMICUS 005 20070226112502.0 008 980127s1991 it af u000 u ita u 020 $a8870161528 035 $a10781033 040 $aPUL(R)$bita 041 0 $aita$heng 100 1 $aMcGrath, Alister E.,$d1953-$0(OLS)http://pul/name/26605 240 10$aLife of John Calvin. A study in the Shaping of western culture.$lItaliano.$0(OLS)http://pul/title/47547 245 10$aGiovanni Calvino :$bil riformatore e la sua influenza sulla cultura occidentale /$cAlister E. McGrath ; edizione italiana a cura di Domenico Tomasetto. 260 $aTorino :$bClaudiana,$c1991. 300 $a391 p., [13] c. di tav. :$bill. ;$c22 cm 490 1 $aRitratti storici 500 $aInclude indici 504 $aNota bibliografica p. 349-370 600 14$aCalvin, Jean,$d1509-1564$xBiografia.$0(OLS)http://pul/subject/17510 650 4$aRiforma.$0(OLS)http://pul/subject/330 830 0$aRitratti storici.$0(OLS)http://pul/title/8164 850 $aPUL 852 $aPUL$W1$xDP1 Altre Collocazioni$y17$mSenza collocazione$j12$nBK-PRI$b $qStampati$B47294$CPULBib$Z2$F47294 $H $81 852 $aPUL$W1$xSL Religione 1$y3$m75 A 41$j47293$nBK-PRI$b $qStampati$B47293$CPULBib$Z2$F47293 $H $81 941 1 $a8 960 $aProtestantesimo$9330 960 $aProtestantesimo$9330 960 $aRiforma protestante$9330 961 $aINV: 77122 corrente 996 $6020$a8870161528$9(OLS)http://pul/number/43378 996 $6245$aGiovanni Calvino :$bil riformatore e la sua influenza sulla cultura occidentale$9(OLS)http://pul/title/47548 996 $6260$aTorino :$bClaudiana$9(OLS)http://pul/publisher/48072